00454nmm a2200157Ia 4500008004100000020001800041041000800059100002000067245002600087264008000113300001600193650001200209856005100221942000700272999001700279251105s9999||||xx |||||||||||||||||und|| a9788468735566 aspa aCornick, Nicola 0aFalsas cartas de amor a[Madrid, España] :bHarlequin, c[Fecha de publicación no identificada] a0 páginas aRomance uhttps://public.digitaliapublishing.com/a/92361 cCF c84033d84033